| 000 | 00516nam a2200169Ia 4500 | ||
|---|---|---|---|
| 008 | 260520s2024 xx 000 0 und d | ||
| 020 | _a978-81-962992-8-6 | ||
| 041 | _amar | ||
| 082 | _a641.331/BAN | ||
| 100 | _aबन, योगेश | ||
| 245 | _aभरडधान्य - पौष्टिक तृणधान्य | ||
| 250 | _a1st ed | ||
| 260 |
_aकोल्हापुर _bतेजस प्रकाशन _c2024 |
||
| 300 | _a132p. | ||
| 500 | _aCat No: 15183 | ||
| 650 | _aHOME ECONOMICS | ||
| 999 |
_c1221909 _d1221909 |
||